Statistics for Ryder Cup Teams 2023

Click here to take the quiz!

General Stats

  • This quiz has been taken 89 times
  • The average score is 21 of 26

Answer Stats

NationalityAnswer% Correct
Northern IrishRory Mcilroy
99%
SpanishJon Rahm
96%
AmericanScottie Scheffler
91%
NorwegianViktor Hovland
91%
AmericanBrooks Koepka
87%
AmericanJordan Spieth
87%
American (Captain)Zach Johnson
87%
AmericanJustin Thomas
84%
IrishShane Lowry
84%
English (Captain)Luke Donald
81%
EnglishTommy Fleetwood
81%
EnglishJustin Rose
80%
SwedishLudvig Aberg
80%
EnglishTyrell Hatton
79%
ScottishRobert Macintyre
77%
AmericanBrian Harman
76%
AmericanCollin Morikawa
76%
AustrianSepp Straka
76%
AmericanWyndham Clark
74%
EnglishMatt Fitzpatrick
71%
AmericanMax Homa
71%
AmericanRickie Fowler
70%
DanishNicolai Højgaard
67%
AmericanXander Schauffele
67%
AmericanPatrick Cantlay
64%
AmericanSam Burns
54%

Score Distribution

Percentile by Number Answered

Percent of People with Each Score

Your Score History

You have not taken this quiz